000
00350nam a2200169Ia 4500
100
_a
Cengel/yunus A
650
_a
Fluid Mechanics
250
_a
2
942
_c
BK
366
_f
20
245
_a
Fluid mechanics
260
_b
Tata Mc Graw hill Ltd.
_c
2010
082
_a
532
_b
CEN
300
_a
980
546
_a
ENGLISH
_c
Info.Tech
999
_c
28886
_d
28886